Le jeu du Binero - Erreurs éliminatoires - Statistiques

Statistiques générales
  • Ce quiz a été pris 2 045 fois
    2 007 depuis la dernière actualisation
  • Le résultat moyen est 62 sur 110
Statistiques - réponses
Réponse % Correct
1
77%
1
73%
1
71%
0
70%
1
70%
1
69%
1
68%
1
68%
0
67%
1
67%
0
66%
1
66%
0
65%
1
65%
1
65%
1
65%
0
64%
0
64%
0
64%
0
64%
1
64%
0
63%
0
63%
0
63%
0
63%
1
63%
1
63%
1
63%
0
62%
0
62%
0
62%
0
62%
0
62%
0
62%
1
62%
1
62%
0
61%
0
61%
1
61%
1
61%
1
61%
0
60%
0
60%
1
60%
1
60%
1
60%
0
59%
1
59%
1
59%
0
58%
0
58%
1
58%
1
58%
1
58%
1
58%
1
58%
0
57%
0
57%
0
57%
0
57%
1
57%
1
57%
0
56%
1
56%
0
55%
0
55%
0
55%
1
55%
1
55%
1
55%
0
54%
0
54%
1
54%
0
53%
1
53%
1
53%
1
53%
0
52%
0
52%
1
52%
1
52%
1
52%
0
51%
0
51%
1
51%
1
51%
1
50%
1
50%
0
49%
0
49%
1
49%
0
48%
1
48%
1
46%
1
46%
1
45%
1
45%
0
44%
0
44%
1
44%
0
43%
0
42%
0
42%
0
42%
0
42%
0
42%
1
39%
0
38%
1
38%
1
38%
Aucun quiz correspondant
Distribution des résultats
% des personnes avec chaque résultat
Percentile par nombre de réponses
Votre historique - résultats
Vous n’avez pas pris ce quiz depuis la dernière actualisation